Missae propriae sanctorum, quae in Hispania celebrantur, ex Aposto. Summ. Pontificum concessionibus tum specialibus, tum generalibus, novissimisque decretis Sacrae Rituum Congregationibus

Detalles Bibliográficos
Autor Corporativo: Iglesia Católica
Formato: Libro
Lenguaje:Latin
Publicado: Parisiis : ex domo Rosa, 1838.
Materias:
Colección:Banco de datos
Acervo:Fondo Bibliográfico Antiguo de la Parroquia de Santa María de la Natividad de Atlixco. Puebla
Descripción Física:64 p. ; f°
Tema general:Liturgia
Notas:Portada a dos tintas con grabado central. Falta encuadernación. Texto a dos tintas
LEADER 00719nam a22001810004500
035 |a 162 
041 0 |a lat 
110 1 |a Iglesia Católica 
245 1 0 |a Missae propriae sanctorum, quae in Hispania celebrantur, ex Aposto. Summ. Pontificum concessionibus tum specialibus, tum generalibus, novissimisque decretis Sacrae Rituum Congregationibus 
260 |a Parisiis : ex domo Rosa, 1838. 
300 |a 64 p. ; f° 
500 |a Portada a dos tintas con grabado central. Falta encuadernación. Texto a dos tintas 
501 |a 3 obras 
650 1 0 |a Liturgia 
949 |a 241-B 
942 |c ATLIXCO 
943 |g Fondo Bibliográfico Antiguo de la Parroquia de Santa María de la Natividad de Atlixco. Puebla 
999 |c 1100664  |d 1100664